Modelovanie katastrofických rizík
Nárast počtu katastrofických udalostí za posledných 40 rokov o 350 percent. Dôležitosť správneho modelovania týchto udalostí a prognózovania ich dôsledkov. Katastrofické riziká. Modelovanie katastrofických rizík. Vytvorenie vhodných modelov na ocenenie rizík prírodných katastrof - veľká výzva pre sv...
Salvato in:
| Autore principale: | |
|---|---|
| Natura: | Capitolo di libro |
| Lingua: | slovacco |
| Soggetti: | |
| Tags: |
Nessun Tag, puoi essere il primo ad aggiungerne!!
|
MARC
| LEADER | 00000naa$a2200000$$$4500 | ||
|---|---|---|---|
| 001 | 0249320 | ||
| 005 | 20240502083710.1 | ||
| 041 | 0 | |a slo | |
| 044 | |a CZ | ||
| 245 | 1 | 0 | |a Modelovanie katastrofických rizík |c Zuzana Krátka |
| 520 | |a Nárast počtu katastrofických udalostí za posledných 40 rokov o 350 percent. Dôležitosť správneho modelovania týchto udalostí a prognózovania ich dôsledkov. Katastrofické riziká. Modelovanie katastrofických rizík. Vytvorenie vhodných modelov na ocenenie rizík prírodných katastrof - veľká výzva pre svetové poisťovne a zaisťovne. | ||
| 610 | 2 | 0 | |a poisťovne |
| 610 | 2 | 0 | |a zaisťovne |
| 610 | 2 | 0 | |a riziko |
| 610 | 2 | 0 | |a riziko poistné |
| 610 | 2 | 0 | |a pohromy živelné |
| 610 | 2 | 0 | |a povodne |
| 610 | 2 | 0 | |a zmeny klimatické |
| 610 | 2 | 0 | |a terorizmus |
| 610 | 2 | 0 | |a modelovanie |
| 610 | 2 | 0 | |a riadenie rizík |
| 610 | 2 | 0 | |a škody |
| 100 | 1 | |a Krátka, Zuzana, 1968- | |